| 000 | 00819nas a2200277 4500 | ||
|---|---|---|---|
| 001 | BR2010003670 | ||
| 003 | BR-BrBNA | ||
| 005 | 20231205114614.0 | ||
| 007 | ta | ||
| 008 | 230509b bl.|||p| |||| 00| 00por d | ||
| 040 |
_aBR-BrBNA _bpor _cBiblioteca Nacional de Agricultura |
||
| 041 | _a(En) | ||
| 072 | _aJ11 | ||
| 100 | 1 | _aLuengo, R. de F.A.L. | |
| 100 | 1 | _aCalbo, A.G. | |
| 100 | 1 | _aJacomino, A.P. | |
| 245 | 1 | _aTomato (Lycopersicon esculentum P. Miller)compression due to K wood box closing | |
| 650 | _aTOMATE | ||
| 650 | _aPÓS-COLHEITA | ||
| 650 | _aPERDA | ||
| 650 | _aEMBALAGEM | ||
| 650 | _aTRANSPORTE | ||
| 773 | 0 |
_tCiência e Agrotecnologia (Brazil) _xISSN 1413-7054 _g(May-Jun 2010), v. 34(3) p. 746-750 _wBR2010003670 |
|
| 909 |
_a202311 _bLúcia _c55 _dLúcia Elande |
||
| 942 |
_2AGRIS _n0 _cANA |
||
| 999 |
_c209533 _d209533 |
||